| 000 | 00590nam a22001817a 4500 | ||
|---|---|---|---|
| 005 | 20180423140946.0 | ||
| 010 | _aENG-122461 | ||
| 020 |
_a9788171393039 _c700.00 |
||
| 035 | _aEN-105993 | ||
| 037 | _bDBAD/PUB | ||
| 082 | _a358.70092 | ||
| 100 | _aBerglund, Gregory | ||
| 245 |
_aDisarming madness from nuclear bombs, to mystical experience / _cby Gregory Berglund |
||
| 260 |
_aNew Delhi _bJnanada Prakashan (P&D) _c2016 |
||
| 270 |
_a4837/2, 24, Ansari Road, Daryaganj, _bNew Delhi _e110002 |
||
| 300 |
_a321p. _bill. _c21cm(Hb) |
||
| 942 |
_2ddc _cEN _mBER _h385.70092 |
||
| 999 |
_c150696 _d150696 |
||